|
|
|
|
| LEADER |
01012nam a2200241 a 4500 |
| 001 |
GR-MES47 |
| 008 |
991111s gr 000 0 gre d |
| 040 |
|
|
|a GrPaTEI
|b gre
|c GR-PaULI
|
| 245 |
0 |
0 |
|a Συστηματική ζωολογία
|n 3ος.
|
| 300 |
|
|
|a 512σελ. :
|b εικ.
|
| 504 |
|
|
|a Βιβλιογραφία : σελ.512
|
| 650 |
|
4 |
|a Ζοωλογία-Ιχθύες
|
| 650 |
|
4 |
|a Ζωολογία
|
| 650 |
|
4 |
|a Ζωολογία-Αμφίβια
|
| 650 |
|
4 |
|a Ζωολογία-Ερπετά
|
| 650 |
|
4 |
|a Ζωολογία-Κεφαλοχορδωτά
|
| 650 |
|
4 |
|a Ζωολογία-Πτηνά
|
| 650 |
|
4 |
|a Ημιχορδωτά
|
| 700 |
1 |
|
|a Οντριας, Ιωάννης
|
| 942 |
|
|
|2 ddc
|
| 952 |
|
|
|0 0
|1 0
|2 ddc
|4 0
|6 591_072000000000000_4_ΟNT
|7 0
|9 263299
|a MSLG
|b MSLG
|c BSC
|d 2021-01-17
|e 24
|f 0
|g 0.00
|l 0
|o 591.072 4 ΟNT
|p 2420000000626
|r 2021-01-17 00:00:00
|t 1
|v 2021.00
|w 2021-01-17
|y BK15
|x Μεταφορά από Αμαλιάδα (18/10/22)
|x GrPaTEI
|
| 971 |
|
|
|a .b25710886
|b 16-04-20
|c 13-09-16
|
| 999 |
|
|
|c 151543
|d 151543
|